000 01472nam a22002657a 4500
003 UA-OsUOA
001 113465
007 ta
008 20150910b un ||||| |||| 00| 0 ukr d
100 _aВолощук Є. В.
090 _a82.02"19"(4)
_bВ68
942 _cBK
040 _aUA-OsUOA
_bukr
_cUA-OsUOA
_dUA-OsUOA
245 _aДоба "ізмів": модернізм та авангардизм у західноєвропейській літературі першої половини ХХ століття
_cБ. Бігун
300 _a324 с.
955 _a1
041 _aukr
080 _a82.02"19"(4)
020 _a978-966-360-275-2
520 3 _aЗМІСТ1. Доба "ізмів" у теоретичній та історико-літературній рефлексії1.1 Відкриті питання модернознавства1.2 Модернізм, авангардизм та інші "ізми"1.3 Нон-класична естетична парадигма2. Літературні портрети класиків доби "ізмів"2.1 Пульс по
520 3 _aезії модерну2.2 Нові обрії модерністської прози2.3 Історичні підсумки модерну в літературі "Після Освенцима"
260 _aК.
_bАкадемперіодика
_c2014
650 7 _a82 Література. Літературознавство
_2UDC
999 _c399322
_d399322